| 000 | 00654nam a2200241Ia 4500 | ||
|---|---|---|---|
| 003 | OSt | ||
| 005 | 20220918223634.0 | ||
| 006 | a|||||r|||| 00| 0 | ||
| 007 | ta | ||
| 008 | 220917b |||||||| |||| 00| 0 eng d | ||
| 024 | _a224,256 | ||
| 037 | _cTextual | ||
| 040 |
_aARTS _cARTS _beng |
||
| 041 |
_2eng _aeng |
||
| 082 | _aY:36.277, P5 | ||
| 100 |
_aBorah Utpola _9146222 |
||
| 245 | 0 | _aBihu festival of Assam music, dance and performance | |
| 260 |
_aDelhi _bB.R. Rhythms _c2005 |
||
| 300 |
_axxiv, 144+some plate _ccm. |
||
| 650 | _aSOCIOLOGY | ||
| 942 |
_hY:36.277, P5 _cTEXL _2CC |
||
| 999 |
_c279015 _d279015 |
||